Statistics for Top 12 New York Knicks Players

Click here to take the quiz!

General Stats

  • This quiz has been taken 218 times
    (200 since last reset)
  • The average score is 5 of 12

Answer Stats

RankPlayerWin Share% Correct
1Patrick Ewing123.0
98%
2Walt Frazier108.8
82%
3Willis Reed74.9
77%
11John Starks44.3
58%
5Charles Oakley67.5
50%
10Allan Houston45.5
45%
12Earl Monroe43.9
44%
9Richie Guerin46.0
22%
7Bill Cartwright56.8
14%
4Harry Gallatin72.3
14%
6Carl Braun63.8
10%
8Kenny Sears51.1
5%

Score Distribution

Percentile by Number Answered

Percent of People with Each Score

Your Score History

You have not taken this quiz since the last reset